00823nam a22002177a 450000500170000001000150001702000290003202000240006103500130008503700130009808200180011110000270012924501370015626000460029327000660033930000390040550000680044461000450051265000270055770000210058420150429112128.0 aENG-112404 a9780199452675c1095.00  a0199452679c1095.00 aEN-95936 bDBAD/PUB a303.482469054 aXavier, Angela Barreto aCatholic orientalism : cby Angela Barreto Xavier [and] Ines G.ZupanovbPortuguese Empire, Indian Knowledge (16th-18th centuries) / aNew Delhi bOxford University Pressc2015 aYMCA Library Building, 1 Jai Singh Road, bNew Delhi e110001 axxxvi,386p. :c23cm(Hb)bill.,maps a Includes bibliographical references (pages 341-376) and index. aCatholic Church zSouth Asia x History. a OrientalismxHistory. aZupanov, Ines G.